000 00912nam a2200277 a 4500
001 26333
003 CO-ViMGA
005 20230915223419.0
008 141112s2004 ck r 000 u spa d
020 _a9681647025
035 _aAHF5205 LA
040 _aCO-ViMGA
_bspa
_cCO-ViMGA
041 _aspa eng
043 _an - us - - -
090 _aC FLEc
100 1 _aFleischman, Sid, 1929 -
_93418
245 1 0 _aEl caballo de medianoche /
_cSid Fleischman ; ilustraciones de Cees van der Hulst ; traducción de Catalina Domínguez.
260 _aMéxico D.F. :
_bFondo de Cultura Económica,
_c1995.
300 _a79 p. : il. ; 19 cm.
490 0 _aA la orilla del viento. Para los que leen bien ; 65
650 1 4 _aCuentos infantiles estadounidenses.
_9823
700 1 _aHuls, Cees van der, il.
_93419
942 _2ddc
_cBK
949 _an n
999 _c9877
_d9877